000 00349nam a2200133Ia 4500
008 151213s9999 xx 000 0 und d
100 _aJacob P. Meerman
245 _aReforming Agriculture
_cJacob P. Meerman
260 _aWashington D. C
_bWorld Bank
_c1997
300 _a2023 p.
650 _aReference
700 _aJacob P. Meerman
999 _c1482
_d1482